<?xml version="1.0" encoding="UTF-8"?>
<record
    xmlns:xsi="http://www.w3.org/2001/XMLSchema-instance"
    xsi:schemaLocation="http://www.loc.gov/MARC21/slim http://www.loc.gov/standards/marcxml/schema/MARC21slim.xsd"
    xmlns="http://www.loc.gov/MARC21/slim">

  <leader>02377nam a2200313 i 4500</leader>
  <controlfield tag="001">000048654</controlfield>
  <controlfield tag="003">DO-SdBNP</controlfield>
  <controlfield tag="005">20250630094353.0</controlfield>
  <controlfield tag="007">ta</controlfield>
  <controlfield tag="008">190405s2015    dr            000 m spa d</controlfield>
  <datafield tag="020" ind1=" " ind2=" ">
    <subfield code="a">9789945418397</subfield>
  </datafield>
  <datafield tag="040" ind1=" " ind2=" ">
    <subfield code="a">DO-SdBNP</subfield>
    <subfield code="b">spa</subfield>
    <subfield code="c">BNPHU</subfield>
    <subfield code="e">rda</subfield>
  </datafield>
  <datafield tag="082" ind1=" " ind2="4">
    <subfield code="a">xxx</subfield>
    <subfield code="b">R789m</subfield>
    <subfield code="2">22</subfield>
  </datafield>
  <datafield tag="245" ind1="0" ind2="3">
    <subfield code="a">La m&#xFA;sica c&#xF3;smica en Ram&#xF3;n Antonio Jim&#xE9;nez :</subfield>
    <subfield code="b">homenaje al poeta interiorista /</subfield>
    <subfield code="c">Bruno Rosario Candelier, Fausto Leonardo Henr&#xED;quez, Eduardo Gautreau De Windt, Manuel Salvador Gautier, Jos&#xE9; Enrique Garc&#xED;a</subfield>
  </datafield>
  <datafield tag="264" ind1=" " ind2="4">
    <subfield code="a">Moca, Rep&#xFA;blica Dominicana :</subfield>
    <subfield code="b">Ateneo Insular,</subfield>
    <subfield code="c">&#xA9;2015.</subfield>
  </datafield>
  <datafield tag="300" ind1=" " ind2=" ">
    <subfield code="a">127 p&#xE1;ginas ;</subfield>
    <subfield code="c">21 cm.</subfield>
  </datafield>
  <datafield tag="336" ind1=" " ind2=" ">
    <subfield code="a">texto</subfield>
    <subfield code="b">txt</subfield>
    <subfield code="2">rdacontent</subfield>
  </datafield>
  <datafield tag="337" ind1=" " ind2=" ">
    <subfield code="a">sin mediaci&#xF3;n</subfield>
    <subfield code="b">n</subfield>
    <subfield code="2">rdamedia</subfield>
  </datafield>
  <datafield tag="338" ind1=" " ind2=" ">
    <subfield code="a">volumen</subfield>
    <subfield code="b">nc</subfield>
    <subfield code="2">rdacarrier</subfield>
  </datafield>
  <datafield tag="500" ind1=" " ind2=" ">
    <subfield code="a">Incluye datos biogr&#xE1;ficos del autor en las solapas</subfield>
  </datafield>
  <datafield tag="505" ind1="0" ind2=" ">
    <subfield code="a">Conversando con Ram&#xF3;n Antonio Jim&#xE9;nez /</subfield>
    <subfield code="t">Bruno Rosario Candelier --</subfield>
    <subfield code="t">En torno a La m&#xFA;sica de la vida de Ram&#xF3;n Antonio Jim&#xE9;nez /</subfield>
    <subfield code="r">Bruno Rosario Candelier --</subfield>
    <subfield code="t">El s&#xED;mbolo en la poes&#xED;a de Ram&#xF3;n Antonio Jim&#xE9;nez /</subfield>
    <subfield code="r">Bruno Rosario Candelier --</subfield>
    <subfield code="t">El Tao po&#xE9;tico en la visi&#xF3;n m&#xED;stica de Ram&#xF3;n Antonio Jim&#xE9;nez /</subfield>
    <subfield code="r">Bruno Rosario Candelier --</subfield>
    <subfield code="t">Visi&#xF3;n interior de Ram&#xF3;n Antonio Jim&#xE9;nez en La m&#xFA;sica de la vida /</subfield>
    <subfield code="r">Bruno Rosario Candelier --</subfield>
    <subfield code="t">Manj&#xFA;, de Ram&#xF3;n Antonio Jim&#xE9;nez /</subfield>
    <subfield code="r">Fausto Leonardo Henr&#xED;uez --</subfield>
    <subfield code="t">El Tao de Ram&#xF3;n Antonio Jim&#xE9;nez: Una impresi&#xF3;n perdurable /</subfield>
    <subfield code="r">Jos&#xE9; Enr&#xED;quez Garc&#xED;a --</subfield>
    <subfield code="t">Conversando contigo de Ram&#xF3;n Antonio Jim&#xE9;nez --</subfield>
    <subfield code="r">Manuel Salvador Gautier --</subfield>
    <subfield code="t">Resonancia espiritual en la m&#xFA;sica de la vida de Ram&#xF3;n Antonio Jim&#xE9;nez /</subfield>
    <subfield code="r">Mikenia Vargas --</subfield>
    <subfield code="t">Ram&#xF3;n Antonio Jim&#xE9;nez , poeta de la sonoridad del Universo /</subfield>
    <subfield code="r">fray Jit Manuel Castillo --</subfield>
    <subfield code="t">La l&#xED;rica de Ram&#xF3;n Antonio Jim&#xE9;nez /</subfield>
    <subfield code="r">S&#xE9;lvido Candelaria --</subfield>
    <subfield code="t">Compases er&#xF3;ticos en &#xAB;La m&#xFA;sica de la vida&#xBB; de Ram&#xF3;n Antonio Jim&#xE9;nez /</subfield>
    <subfield code="r">Eduardo Gautreau de Windt --</subfield>
    <subfield code="t">Ram&#xF3;n Antonio Jim&#xE9;nez en el territorio interiorista entrevista a Bruno Rosario Candelier /</subfield>
    <subfield code="r">Miguel Solano.</subfield>
  </datafield>
  <datafield tag="590" ind1=" " ind2=" ">
    <subfield code="a">Inventariado, 2019/LP</subfield>
  </datafield>
  <datafield tag="700" ind1="1" ind2=" ">
    <subfield code="a">Rosario Candelier, Bruno,</subfield>
    <subfield code="d">1941-</subfield>
    <subfield code="e">autor</subfield>
    <subfield code="4">aut.</subfield>
    <subfield code="9">851</subfield>
  </datafield>
  <datafield tag="700" ind1="1" ind2=" ">
    <subfield code="a">Henr&#xED;quez, Fausto Leonardo,</subfield>
    <subfield code="e">autor</subfield>
    <subfield code="4">aut.</subfield>
    <subfield code="9">76102</subfield>
  </datafield>
  <datafield tag="700" ind1="1" ind2=" ">
    <subfield code="a">Gautreau De Windt, Eduardo,</subfield>
    <subfield code="e">autor</subfield>
    <subfield code="4">aut.</subfield>
    <subfield code="9">70818</subfield>
  </datafield>
  <datafield tag="700" ind1="1" ind2=" ">
    <subfield code="a">Salvador Gautier, Manuel,</subfield>
    <subfield code="e">autor</subfield>
    <subfield code="4">aut.</subfield>
    <subfield code="9">88215</subfield>
  </datafield>
  <datafield tag="700" ind1="1" ind2=" ">
    <subfield code="a">Garc&#xED;a, Jos&#xE9; Enrique,</subfield>
    <subfield code="e">aut.</subfield>
    <subfield code="4">aut.</subfield>
    <subfield code="9">84660</subfield>
  </datafield>
  <datafield tag="942" ind1=" " ind2=" ">
    <subfield code="2">ddc</subfield>
    <subfield code="c">LBS1</subfield>
  </datafield>
  <datafield tag="952" ind1=" " ind2=" ">
    <subfield code="0">0</subfield>
    <subfield code="1">0</subfield>
    <subfield code="7">1</subfield>
    <subfield code="8">PD</subfield>
    <subfield code="a">PD</subfield>
    <subfield code="b">PD</subfield>
    <subfield code="c">HD</subfield>
    <subfield code="d">2019-04-05</subfield>
    <subfield code="i">LF1</subfield>
    <subfield code="l">0</subfield>
    <subfield code="o">xxxx R789m</subfield>
    <subfield code="p">48654-10</subfield>
    <subfield code="r">2020-06-25</subfield>
    <subfield code="w">2020-06-25</subfield>
    <subfield code="y">LFPD</subfield>
    <subfield code="Z">No se presta</subfield>
  </datafield>
  <datafield tag="999" ind1=" " ind2=" ">
    <subfield code="c">48142</subfield>
    <subfield code="d">48142</subfield>
  </datafield>
</record>
